000
00395nam a2200145Ia 4500
008
230718s9999 xx 000 0 und d
041
_a
Eng.
082
_a
252
_b
آزا-س
100
_a
آزاد ، مولانا ابوالکلا ابو الکلام
245
0
_a
سودائے حق :
260
_a
Pakistan
_b
اردو سائیں راہوا
_c
1996
300
_a
95
650
_a
Law
999
_c
28860
_d
28860